书目信息 |
| 题名: |
智能机器人创新热点与趋势
|
|
| 作者: | 陶永 编著 | |
| 分册: | ||
| 出版信息: | 北京 机械工业出版社 2022 |
|
| 页数: | 12,250页 | |
| 开本: | 24cm | |
| 丛书名: | ||
| 单 册: | ||
| 中图分类: | TP242.6 | |
| 科图分类: | ||
| 主题词: | 智能机器人--研究 | |
| 电子资源: | ||
| ISBN: | 978-7-111-69753-4 | |
| 000 | 00917nam0 2200217 450 | |
| 001 | 2271413900 | |
| 005 | 20221008195030.68 | |
| 010 | @a978-7-111-69753-4@dCNY79.00 | |
| 100 | @a20220516d2022 em y0chiy50 ea | |
| 101 | 0 | @achi |
| 102 | @aCN@b110000 | |
| 105 | @aa z 000yy | |
| 200 | 1 | @a智能机器人创新热点与趋势@9zhi neng ji qi ren chuang xin re dian yu qu shi@f陶永[等]编著 |
| 210 | @a北京@c机械工业出版社@d2022 | |
| 215 | @a12,250页@c图@d24cm | |
| 330 | @a本书系统地介绍了智能机器人创新热点与趋势,以可靠的数据分析、专利等知识产权的布局、分析和预警为基础,从工业机器人、服务机器人两个维度,就国内外智能机器人发展历史、发展现状、产业链的构成和核心技术、不同产业的应用情况和热点应用领域、机器人国际前沿和创新发展趋势等方面进行了详细的分析和介绍。 | |
| 606 | 0 | @a智能机器人@x研究 |
| 690 | @aTP242.6@v5 | |
| 701 | 0 | @a陶永@9tao yong@f(1979-)@4编著 |
| 801 | 0 | @aCN@b91MARC@c20220525 |
| 905 | @aZUCC@dTP242.6@e13 | |
| 智能机器人创新热点与趋势/陶永[等]编著.-北京:机械工业出版社,2022 |
| 12,250页:图;24cm |
| ISBN 978-7-111-69753-4:CNY79.00 |
| 本书系统地介绍了智能机器人创新热点与趋势,以可靠的数据分析、专利等知识产权的布局、分析和预警为基础,从工业机器人、服务机器人两个维度,就国内外智能机器人发展历史、发展现状、产业链的构成和核心技术、不同产业的应用情况和热点应用领域、机器人国际前沿和创新发展趋势等方面进行了详细的分析和介绍。 |
| ● |
| 相关链接 |
|
|
|
正题名:智能机器人创新热点与趋势
索取号:TP242.6/13
 
预约/预借
| 序号 | 登录号 | 条形码 | 馆藏地/架位号 | 状态 | 备注 |
| 1 | 2000913355 | 2000913355 | 第三书库/ [索取号:TP242.6/13] | 在馆 | |
| 2 | 2000913356 | 2000913356 | 第三书库/ [索取号:TP242.6/13] | 在馆 | |
| 3 | 2000913357 | 2000913357 | 第三书库/ [索取号:TP242.6/13] | 在馆 |